Applied surgical physiology vivas
An understanding of basic sciences is the cornerstone of medical and surgical training, and viva examinations in particular remain a source of anxiety for many candidates. Applied Surgery Physiology Vivas follows the same format as the hugely popular General Pathology Vivas and Surgical Critical Car...
Đã lưu trong:
| Príomhúdar: | |
|---|---|
| Formáid: | Leabhar |
| Teanga: | Undetermined |
| Foilsithe: |
London
Greenwich Medical Media Ltd.
2004
|
| Ábhair: | |
| Clibeanna: |
Cuir Clib Leis
Gan Chlibeanna, Bí ar an gcéad duine leis an taifead seo a chlibeáil!
|
| Thư viện lưu trữ: | Trung tâm Học liệu Trường Đại học Cần Thơ |
|---|
| LEADER | 01101nam a2200205Ia 4500 | ||
|---|---|---|---|
| 001 | CTU_167608 | ||
| 008 | 210402s9999 xx 000 0 und d | ||
| 020 | |c 60 | ||
| 082 | |a 617.1 | ||
| 082 | |b K16 | ||
| 100 | |a Kanani, Mazyar | ||
| 245 | 0 | |a Applied surgical physiology vivas | |
| 245 | 0 | |c Mazyar Kanani, Martin Elliott | |
| 260 | |a London | ||
| 260 | |b Greenwich Medical Media Ltd. | ||
| 260 | |c 2004 | ||
| 520 | |a An understanding of basic sciences is the cornerstone of medical and surgical training, and viva examinations in particular remain a source of anxiety for many candidates. Applied Surgery Physiology Vivas follows the same format as the hugely popular General Pathology Vivas and Surgical Critical Care Vivas. It gives candidates a means of practising some of the most common questions that they will be asked in their viva examinations, with detailed model answers and diagrams to highlight key points where necessary. | ||
| 650 | |a Surgery |v Handbooks, manuals, etc.,Phẫu thuật | ||
| 904 | |i Trọng Hiếu | ||
| 980 | |a Trung tâm Học liệu Trường Đại học Cần Thơ | ||